Heat transfer /
Introduction; steady - state conduction - one dimension; steady - state conduction - multiple dimensions; unsteady - state conduction...
Đã lưu trong:
| Príomhúdar: | |
|---|---|
| Formáid: | Leabhar |
| Teanga: | English |
| Foilsithe: |
New York :
McGraw-Hill,
2002.
|
| Eagrán: | 9th ed. |
| Sraith: | McGraw-Hill series in mechanical engineering.
|
| Ábhair: | |
| Clibeanna: |
Cuir Clib Leis
Gan Chlibeanna, Bí ar an gcéad duine leis an taifead seo a chlibeáil!
|
| Thư viện lưu trữ: | Mạng thư viện Đại học Đà Nẵng |
|---|
| LEADER | 01335cam a22003731a 4500 | ||
|---|---|---|---|
| 001 | 000033483 | ||
| 003 | 9653 | ||
| 005 | 20210317092103.0 | ||
| 008 | 151016s2002 000 eng | ||
| 020 | |a 9780072406559 | ||
| 020 | |a 0072406550 | ||
| 040 | |a lnn |c lnn |d lnn | ||
| 041 | 0 | |a eng | |
| 082 | 0 | 4 | |a 621.4022 |b HO-J |
| 100 | 1 | |a Holman, J. P. |q (Jack Philip) | |
| 245 | 1 | 0 | |a Heat transfer / |c J.P. Holman. |
| 250 | |a 9th ed. | ||
| 260 | |a New York : |b McGraw-Hill, |c 2002. | ||
| 300 | |a xx, 665 p. : |b ill. ; |c 26 cm. | ||
| 440 | 0 | |a McGraw-Hill series in mechanical engineering. | |
| 500 | |a Includes bibliographical references and index. | ||
| 520 | 3 | |a Introduction; steady - state conduction - one dimension; steady - state conduction - multiple dimensions; unsteady - state conduction... | |
| 630 | 0 | 4 | |a Heat. |
| 650 | 0 | 4 | |a Heat |x Transmission. |
| OWN | |a LNN | ||
| 902 | |a TKA | ||
| AVA | |a UDN50 |b LNN |c English |d 420.51 HO-J |e available |t Error 5001 Not defined in file expand_doc_bib_avail. |f 1 |g 0 |h N |i 0 |j AN |k 1 | ||
| 999 | |a From the UDN01 | ||
| AVA | |a UDN50 |b LNN |c English |d 420.51 HO-J |e available |t Error 5001 Not defined in file expand_doc_bib_avail. |f 1 |g 0 |h N |i 0 |j AN |k 1 | ||
| TYP | |a Monograph | ||
| TYP | |a Printed language | ||
| 980 | |a Mạng thư viện Đại học Đà Nẵng | ||


